000 01158cam a2200253 4500
001 WS109704
008 000000n 000 0 eng u
035 _a(Sirsi) u109704
110 _aLeasehold Advisory Service
_93510
245 _aLeasehold Advisory Service
520 _aSite for this independent advice agency funded by government grant and private sector contributions. The site includes links to the Leasehold Valuation Tribunal decisions and determinations and lists of solicitors and surveyors who have been involved. Also has a selection of free publications.
650 _aLEASEHOLD VALUATION TRIBUNALS
650 _aLVT DECISIONS
650 _aLEASEHOLD REFORM, HOUSING AND URBAN DEVELOPMENT ACT 1993
650 _aLANDLORD AND TENANT ACT 1985
650 _aLANDLORD AND TENANT ACT 1987
650 _aCOLLECTIVE ENFRANCHISEMENT
650 0 _aPARTICIPATION
650 _aRESIDENTIAL
650 _aLEASE EXTENSIONS
690 _aPROPERTY-RESIDENTIAL PROPERTY-RESIDENTIAL LANDLORD AND TENANT-RESIDENTIAL TENANCIES
856 4 0 _uhttps://www.lease-advice.org
_zView the website free of charge at www.lease-advice.org...
942 _n0
999 _c119729
_d119729